| 000 | 01002nam a22002417a 4500 | ||
|---|---|---|---|
| 005 | 20220413102300.0 | ||
| 008 | 220413b ||||| |||| 00| 0 eng d | ||
| 040 | _cAloy | ||
| 041 | _aeng | ||
| 082 |
_223 _a355.0092 _bNAYL |
||
| 100 |
_aG S Nayyar _929779 |
||
| 245 |
_aLife and accomplishments of sardar Hari Singh Nalwa: _bMarshal of the Khalsa |
||
| 260 |
_aAmritsar _bDharam Parchar Committee _c1997 |
||
| 300 |
_aviii,74 p. _bHB _c22x14 cm |
||
| 365 |
_2Biography _b25.00 _c₹ _d25.00 |
||
| 520 | _aSardar Hari Singh Nalwa, the Marshal of the Khalsa rendered glorious service towards extending the limits of the kingdom of Lahore from 1811 to 1837 upto the natural boundaries of the Punjab and went to the extent of sacrificing his life for this patriotic mission. | ||
| 650 |
_aBiography _929780 |
||
| 650 |
_aMilitary Science _929781 |
||
| 650 |
_aCareer and Military Achievements _929782 |
||
| 650 |
_aGovernorship of Kashmir _929783 |
||
| 700 |
_aNAYYAR (G S) _929784 |
||
| 942 |
_2ddc _cGF |
||
| 999 |
_c222412 _d222412 |
||